[Event "Mechanics' Whitehead TNM; 30/90, SD/30"]
[Site "San Francisco"]
[Date "2014.08.26"]
[Round "4.3"]
[White "Gaffagan, Steven"]
[Black "Fuentes, Romulo"]
[Result "0-1"]
[WhiteElo "2129"]
[BlackElo "2215"]
[Annotator "Donaldson"]
[PlyCount "54"]
[EventDate "2014.??.??"]

1. d4 Nf6 2. c4 e5 3. dxe5 Ng4 4. Nf3 Bc5 5. e3 Nc6 6. Nc3 O-O 7. Be2 Ngxe5 8.
a3 a5 9. b3 Re8 10. Bb2 Nxf3+ 11. Bxf3 Ne5 12. Qc2 c6 13. O-O-O Qe7 14. a4 d6
15. Ne2 Rb8 16. Nf4 Be6 17. Be4 g6 18. h4 h5 19. Bxg6 $2 fxg6 20. Nxe6 (20.
Nxg6 Qf6) 20... Qxe6 21. Rhe1 Bb4 22. Re2 Kh7 23. f3 Qf5 24. e4 Qf4+ 25. Kb1 b5
26. cxb5 cxb5 27. g4 Rbc8 0-1

[Event "Mechanics' Whitehead TNM; 30/90, SD/30"]
[Site "San Francisco"]
[Date "2014.09.09"]
[Round "6.9"]
[White "Gaffagan, Steven"]
[Black "Grey, Peter"]
[Result "1-0"]
[WhiteElo "2129"]
[BlackElo "2000"]
[Annotator "Donaldson"]
[PlyCount "41"]
[EventDate "2014.??.??"]

1. d4 Nf6 2. c4 g6 3. Nc3 d5 4. cxd5 Nxd5 5. Bd2 Bg7 6. e4 Nxc3 (6... Nb6 {
is the more popular alternative.}) 7. Bxc3 c5 (7... O-O {is more commonly seen,
but the text has also been played by some of the best players in the world.})
8. d5 Bxc3+ 9. bxc3 Qa5 {Again a main line although} (9... O-O {
is more popular among +2600 FIDE players.}) 10. Qd2 e6 (10... O-O {or}) (10...
Nd7 {are more commonly seen here.}) 11. d6 Nc6 (11... Bd7 12. Nf3 h6 (12... Bc6
{followed by ...Nd7 is a possible improvement.}) 13. Ne5 {
favored White in Scekic-Stankovic, Vrnjacka Banja 1999.}) 12. Rd1 Bd7 13. Nf3
b5 14. Be2 Rb8 15. h4 b4 16. Qh6 $1 bxc3 (16... Qa3 {was the only reasonable
way to meet the threat of Qg7, although White is still better after} 17. c4)
17. O-O Rg8 18. Qxh7 Kf8 19. Ng5 Nd8 20. Qh6+ Rg7 21. Qh8+ 1-0

[Event "Mechanics' Spring TNM; 30/90, SD/30"]
[Site "San Francisco"]
[Date "2014.04.08"]
[Round "4.4"]
[White "Gaffagan, Steven"]
[Black "Grey, Peter"]
[Result "1-0"]
[WhiteElo "2089"]
[BlackElo "2000"]
[PlyCount "83"]
[EventDate "2014.??.??"]

1. e4 e5 2. Nf3 Nc6 3. Bb5 Nf6 4. d3 d6 5. c3 Be7 6. Nbd2 O-O 7. O-O Bd7 8. Ba4
a6 9. Re1 Re8 10. Nf1 Bf8 11. Ng3 g6 12. a3 Bg7 13. h3 h6 14. d4 Nh7 15. Be3
Nf8 16. Bb3 Qf6 17. Qd2 Bxh3 18. Ng5 Bd7 19. Bxf7+ Kh8 20. Bxe8 Rxe8 21. Nf3 g5
22. Nh5 Qg6 23. Nxg7 Kxg7 24. dxe5 dxe5 25. Bc5 Be6 26. Bxf8+ Rxf8 27. Qe3 Qf6
28. Rad1 Bg4 29. Rd3 Ne7 30. Qc5 Nc6 31. Nh2 Be6 32. Rf3 Qe7 33. Qxe7+ Nxe7 34.
Rxf8 Kxf8 35. Rd1 Nc6 36. Nf1 Kf7 37. Ne3 Ne7 38. b4 c6 39. Rd6 Nc8 40. Rd8 Ke7
41. Rh8 Nd6 42. Nf5+ 1-0

[Event "Mechanics' Winter TNM; 30/90, SD/30"]
[Site "San Francisco"]
[Date "2014.01.28"]
[Round "4.1"]
[White "Gaffagan, Steven"]
[Black "Krasnov, Steven"]
[Result "1-0"]
[WhiteElo "2068"]
[BlackElo "1953"]
[Annotator "Donaldson"]
[PlyCount "77"]
[EventDate "2014.??.??"]

1. d4 Nf6 2. c4 e6 3. g3 d5 4. Nf3 Nbd7 5. Bg2 b6 6. O-O Bd6 7. Nc3 Bb7 8. cxd5
Nxd5 (8... exd5 9. Nh4 $1 g6 10. Bh6) 9. Nb5 N7f6 10. Ng5 (10. Ne5 $1 O-O 11.
Bg5) 10... h6 11. Nh3 Qd7 12. Nxd6+ cxd6 13. e4 Ne7 14. Re1 O-O 15. Bf4 Nh7 (
15... Rac8 16. Bxd6 Qxd6 17. e5 Qd7 18. Bxb7 Qxb7 19. exf6 gxf6 20. Qh5 Nf5)
16. Qd2 Rac8 17. Rac1 Rxc1 18. Rxc1 Ng6 19. Be3 Nf6 20. f3 Rd8 21. b3 Rc8 22.
Nf2 Ne7 23. Bf1 Nc6 24. Be2 Kh7 25. Bd3 e5 26. d5 Ne7 27. Rxc8 Qxc8 28. Qc1
Qxc1+ 29. Bxc1 Nd7 30. Bb5 Nb8 31. Ba3 Nc8 32. Ng4 a6 33. Be2 Nd7 34. Ne3 g6
35. Nc4 Nc5 36. Bxc5 dxc5 37. d6 Na7 38. Nxb6 Kg7 39. Na4 1-0

[Event "Mechanics' Winter TNM; 30/90, SD/30"]
[Site "San Francisco"]
[Date "2014.02.25"]
[Round "8.2"]
[White "Gaffagan, Steven"]
[Black "Manvelyan, Hayk"]
[Result "1/2-1/2"]
[WhiteElo "2068"]
[BlackElo "2357"]
[Annotator "Gaffagan"]
[PlyCount "128"]
[EventDate "2014.??.??"]

1. d4 Nf6 2. c4 d6 3. Nc3 Nbd7 4. Nf3 e5 5. g3 c6 6. Bg2 Be7 7. O-O O-O 8. Qc2
Qc7 9. e4 Re8 10. h3 a5 {
A rare move. More common are 10...Bf8, 10...Nf8, or even 10...a6.} 11. Be3 exd4
(11... Nf8 12. Rad1 Ne6 13. Rc1 {the problem of "where do the rooks go?" vexes
even the greatest strategic players :-).} Bd7 14. Rfd1 Rac8 (14... b6 {
looks safer considering White's next move.}) 15. c5 $1 {A typical lever, often
employed against the KID. For example, see Jussupow,A (2615)-Kasparov,G (2800)
Linares 1990, 0-1 (63).} exd4 16. cxd6 {intermezzo attacking Black's queen.}
Bxd6 17. Nxd4 {White has achieved an extra pawn in the center.} Be5 18. Nde2
Nf8 19. f4 Bxc3 {A pity, now White will dominate on the dark squares.} (19...
Bd6 20. e5) 20. Nxc3 Qb8 21. Qf2 b5 22. Ba7 {harassing Black's queen, and
forcing it onto the h1-a8 diagonal, where it is x-rayed by Bishop g2.} Qb7 23.
e5 Nd5 24. Ne4 Re6 25. Nd6 Rxd6 26. exd6 $18 {
1-0 (35) Petrosian,T-Lipnitsky,I Tbilisi 1947}) 12. Nxd4 Bf8 13. Rac1 $6 $146 {
overly cautious. This rook belongs on d1.} Nc5 14. b3 g6 15. Rfe1 Bg7 16. Rcd1
{Correcting the inaccuracy committed on move 13. White's game is more pleasant.
All his pieces are centralized and he has no weaknesses. Black suffers a bit
on d6 and b6 and has to figure out how he will mobilize his queenside.} Be6 {
Offering White a tempting continuation. I thought for 23 minutes on my next
move. What wouldyouplayhere?} 17. f4 (17. Nxe6 Rxe6 18. f4 {is reasonable for
White, but usually when your opponent is cramped you should not exchange
pieces. Besides, the bishop on e6 is not that great of a piece (yet!).} (18.
Bxc5 $6 dxc5 19. f4 Nh5 $1 {looks faulty. Giving up the queen's bishop and
following up with f2-f4 (mobilizing the pawn majority) exposes the dark
squares.})) ({The idea that caught my fancy was} 17. Ndb5 $5 cxb5 $8 18. Nxb5 {
Where does the queen go?} Qb8 19. Nxd6 Qc7 {defending the unguarded knight.
White confronts a choice, but the natural move is} (19... Rd8 $2 20. Bxc5 Bf8
21. e5 Nd7 22. Bd4 $18) 20. Nxe8 (20. e5 Nfd7 21. Nxe8 Rxe8 22. f4) 20... Rxe8
{I figured White had some slight edge here, but wondered just how the
subsequent moves would unfold. White has pawn majorities on either wing. One
or both majority would likely be mobilized. Black has plenty of pieces and two
knights(!). I wondered if this could quickly get chaotic, which is fine, but I
felt that White had just a pleasant enough position not to go for this. I
would love to sink a knight into d5, but I don't have one!}) 17... Rad8 18. Bf2
Bc8 19. Re2 Re7 20. Rde1 Rde8 21. a3 {Setting a little trap. The bait is the
pawn on b3. At the same time, White prepares to kick the knight away from its
attack on e4.} Bd7 (21... Qb6 22. e5 $1 dxe5 23. Nf3 $1 {Watch out for Nc3-a4.}
) 22. b4 axb4 23. axb4 Na6 24. Qb3 Qc8 $5 {This may be Black's best move. Even
if it is not, it poses White some problems over the defence of his kingside.}
25. g4 (25. Kh2 Nxb4 26. Qxb4 (26. e5 $1 {looks good for White.}) 26... c5 27.
Qb3 cxd4 28. Bxd4 Ng4+ 29. hxg4 Bxd4 {
I thought this was Black's idea, but White may have} 30. Nd5) 25... h5 26. g5
Nh7 ({I didn't believe in} 26... Bxh3 {
because I have so many options. I planned to play} 27. gxf6 ({Unfortunately,} 
27. Nd5 {doesn't work} cxd5 28. Bxh3 dxc4 $1) ({I did not bother with} 27. Nf5
{since Hayk retreated his knight after a short thought.} Bxf5 28. gxf6 Bxf6 29.
exf5 Bxc3 30. Rxe7 Bxe1 31. Rxe1 Rxe1+ 32. Bxe1 Qxf5) 27... Qg4 28. Bg3) 27.
Na4 Nxb4 28. Nb6 $1 Qd8 29. Qxb4 c5 30. Qb2 {White voluntarily steps into a
pin. I thought this was a fine move, but Qb3 may have been better. One virture
of Qb2 is that the immediate Bc6 is met by Nxc6.} (30. Qb3 cxd4 31. Nd5 {
The knight reaches a beautiful square.} Re6 32. Qxb7 $1) 30... cxd4 31. Bxd4
Bxd4+ 32. Qxd4 Bc6 {Time to take stock: the tactics have abated, and the time
control reached. I thought, and still suspect, that White has the advantage.
Statically, Black has weaknesses at b7, d6, and the a1-h8 diagonal. Also, the
knight appears stranded on h7; but given time, that knight will find a good
square on c5 or e6. It is difficult to find a convincing continuation for
White! I thought of all kinds of plans, some of them just crazy: Bf3, Kh2, Rg1,
and Bxh5, followed by g6. Another idea: transferring a rook to d5!? How about
playing c4-c5? Also: h3-h4, with the idea of Bh3 and perhaps Nc8!? I think
that White's dilemma is that the knight on b6, in order to participate must
move, and going to d5 will lead to its immediate exchange. White would love
for the light squared bishops to magically disappear, when he could play Nd5
with an overwhelming position. Therefore, e4-e5 looks tempting. Hayk told me
after the game that he feared this move (perhaps on move 35), thinking it
would leave him in a passive position. I looked at it during the game, but
just wasn't convinced.} 33. Qb2 {More or less a waiting move.} (33. Bf3 Nf8 34.
Kh2 Ne6 $17) (33. e5 dxe5 34. Qxd8 Rxd8 {Black is not going to play Bxg2, so}
35. Nd5 Red7 36. Rxe5 $11) ({The computer prefers} 33. Nd5 {
Of course, no prejudice.} Bxd5 34. cxd5 Nf8 35. Qb4 $14 (35. e5 dxe5 36. fxe5
$14 {Why does the computer think that White has only a half pawn advantage
here? You cannot trust those computers!})) 33... Nf8 $1 34. Nd5 {
Finally acknowledging the sad truth the knight will be exchanged!} Bxd5 35.
cxd5 Qa5 36. Qd4 (36. e5) 36... Nd7 37. Ra1 {White is drifting.} Qc5 {
The position is now equal, but White will face the burden of securing e4
whilst not succumbing to a knight fork on d3.} 38. Rd1 $1 b5 $1 $11 39. Kh2 b4
40. h4 $6 Qxd4 41. Rxd4 b3 $15 42. Rb4 Nc5 43. Rb2 Nd3 (43... Nxe4 44. Bxe4
Rxe4 45. R2xb3 $11) 44. R2xb3 Nxb4 45. Rxb4 {I thought this would be safe for
White. In reality, both players were now under 5 minutes - so this is
dangerous. The following moves are based on memory.} Ra7 46. Kg3 Ra2 47. Rb6
Rc8 48. Rb3 $1 (48. Rxd6 $2 Rc3+) 48... Rca8 49. Bf3 R8a3 50. Rxa3 Rxa3 51. f5
({Perhaps safer is} 51. e5 dxe5 52. fxe5) 51... Kf8 52. Kf4 Ra4 53. Bd1 Rb4 54.
Bf3 Ke8 55. f6 Kd7 56. Bg2 Kc7 {
I am unsure if this exact position occured, but if it did, Black missed Rb2.}
57. Bh3 Rb7 (57... Rb2 58. Kg3 Rb3+ 59. Kh2 Re3) 58. Ke3 Kb6 59. Kf4 Kc5 60.
Be6 Kd4 61. Bh3 Rc7 62. Be6 Rb7 63. Bh3 Rc7 64. Be6 Rb7 1/2-1/2

[Event "Mechanics' Whitehead TNM; 30/90, SD/30"]
[Site "San Francisco"]
[Date "2014.09.23"]
[Round "8.2"]
[White "Gaffagan, Steven"]
[Black "Nagarajan, Pranav"]
[Result "1/2-1/2"]
[WhiteElo "2129"]
[BlackElo "2157"]
[PlyCount "123"]
[EventDate "2014.??.??"]

1. d4 Nf6 2. c4 e6 3. g3 Bb4+ 4. Bd2 Qe7 5. Bg2 Nc6 6. Nf3 Bxd2+ 7. Nbxd2 O-O
8. O-O d6 9. a3 e5 10. d5 Nb8 11. e4 a5 12. b4 Na6 13. Qe2 Bd7 14. Rab1 c6 15.
dxc6 bxc6 16. c5 axb4 17. cxd6 Qxd6 18. Nc4 Qe7 19. axb4 Nxb4 20. Nfxe5 Be6 21.
Rfc1 Rfe8 22. Ra1 h6 23. h3 Kf8 24. Ne3 Rxa1 25. Rxa1 Bxh3 26. Nxc6 Nxc6 27.
Bxh3 Qxe4 28. Bg2 Qe5 29. Rb1 Nd4 30. Qd3 Ne6 31. Nc4 Qd4 32. Rd1 Qxd3 33. Rxd3
Rc8 34. Ne3 Rd8 35. Rxd8+ Nxd8 36. Kf1 g6 37. Ke2 Ke7 38. Nd5+ Nxd5 39. Bxd5
Ne6 40. Ba8 Kd6 41. Bg2 Ke5 42. Ke3 g5 43. Kd3 f5 44. Ba8 h5 45. Kd2 h4 46.
gxh4 gxh4 47. Ke3 f4+ 48. Kf3 Kf5 49. Kg2 Ng5 50. Bb7 Ke5 51. Kf1 f3 52. Kg1
Kd4 53. Ba6 Kc3 54. Bf1 Kd2 55. Bb5 Ke1 56. Bc6 Ke2 57. Bb5+ Kd1 58. Bc6 Ke1
59. Bb7 h3 60. Bc6 h2+ 61. Kxh2 Kxf2 62. Bxf3 1/2-1/2

[Event "Mechanics' Winter TNM; 30/90, SD/30"]
[Site "San Francisco"]
[Date "2014.02.04"]
[Round "5.1"]
[White "Gaffagan, Steven"]
[Black "Odondoo, Ganbold"]
[Result "0-1"]
[WhiteElo "2068"]
[BlackElo "2340"]
[PlyCount "58"]
[EventDate "2014.??.??"]

1. e4 e5 2. Nf3 Nc6 3. Bc4 g6 4. d4 exd4 5. c3 d3 6. Qxd3 d6 7. O-O Bg7 8. Bg5
Nge7 9. Na3 h6 10. Bh4 g5 11. Bg3 Ng6 12. Bb5 O-O 13. Bxc6 bxc6 14. Nd4 c5 15.
Nf5 Bxf5 16. exf5 Ne5 17. Bxe5 Bxe5 18. Nc4 Bf6 19. Rad1 Kg7 20. Qh3 Rb8 21.
Rd5 Qe8 22. Qf3 Qa4 23. Ne3 Rxb2 24. c4 Qxa2 25. Qh5 Rb1 26. Rfd1 Re8 27. h4
Rxe3 28. hxg5 Re1+ 29. Kh2 hxg5 0-1

[Event "Mechanics' Fall TNM; 30/90, SD/30"]
[Site "San Francisco"]
[Date "2014.11.04"]
[Round "3.1"]
[White "Gaffagan, Steven"]
[Black "Winslow, Elliott"]
[Result "0-1"]
[WhiteElo "2129"]
[BlackElo "2262"]
[Annotator "Donaldson"]
[PlyCount "106"]
[EventDate "2014.??.??"]

1. d4 Nf6 2. c4 d6 3. Nc3 g6 4. g3 Bg7 5. Bg2 O-O 6. Nf3 Nbd7 7. O-O e5 8. h3
c6 9. e4 Qb6 10. d5 (10. c5 {and}) (10. Re1 {are considered more challenging.})
10... Nc5 11. Qe2 Bd7 (11... cxd5 12. cxd5 Bd7 13. Be3 Rfc8 14. Rfc1 a5 15. Nd2
{is the main line after 10.d5.}) 12. Bg5 (12. Be3 {immediately is more common.}
) 12... h6 13. Be3 cxd5 14. cxd5 Rfc8 15. Nd2 $2 (15. Rfc1 {and later Nd2.})
15... Qxb2 $1 16. Rfc1 Na4 17. Nc4 Qxe2 18. Nxe2 Bb5 $2 {
Diagram # Tempting, but} (18... Ne8 {with a solid pawn up was simpler.}) 19.
Nxd6 $1 Rxc1+ 20. Nxc1 Ba6 21. Rb1 b6 22. Nb5 $6 (22. Rb4 Nc3 23. Rb3 $11)
22... Bxb5 23. Rxb5 Nc3 24. Rb4 Rc8 25. Nd3 Bf8 26. Rb3 Ncxe4 27. Nxe5 Rc2 28.
Ng4 Nxg4 29. Bxe4 Nxe3 30. Bxc2 Nxc2 $17 31. Rc3 Nb4 32. Rc7 a5 33. Rd7 Nxa2
34. d6 b5 35. Rd8 Kg7 36. d7 Be7 37. Ra8 a4 38. Kf1 b4 $2 (38... Nc3 $17) 39.
Rxa4 b3 40. Ra7 $2 {White misses his chance.} (40. Ra3 $1 {gets rid of Black's
b-pawn. Possibly Black will be able to reach an ending of rook and three pawns
versus bishop plus knight and three pawns as in Capablanca-Lasker, St.
Petersburg 1914, which should be a draw if the defender has a healthy pawn
structure (which he does here).} Nc1 41. Ra8 b2 42. Rb8 Nd3 43. Ke2 Nc5 44.
Rxb2 Kf6 45. Rb6+ Ne6 {is one plausible variation.}) 40... b2 41. Rb7 Nb4 42.
Rxb4 Bxb4 43. d8=Q b1=Q+ 44. Kg2 Qe4+ 45. Kf1 Bc3 46. h4 Bd4 47. Qc8 Qb1+ 48.
Ke2 Qb2+ 49. Kd3 Qxf2 50. Qb8 Qe3+ 51. Kc4 Be5 52. Qb7 Qd4+ 53. Kb3 Qb2+ 0-1

[Event "Mechanics' Winter TNM; 30/90, SD/30"]
[Site "San Francisco"]
[Date "2014.02.25"]
[Round "8.36"]
[White "Gandhi, Sid"]
[Black "Cowgill, Jackie"]
[Result "1-0"]
[WhiteElo "1339"]
[BlackElo "1040"]
[PlyCount "67"]
[EventDate "2014.??.??"]

1. e4 e5 2. Nf3 Nc6 3. Bc4 Bc5 4. d3 Nf6 5. O-O O-O 6. Bg5 Be7 7. Nc3 d6 8. a3
Bg4 9. h3 Bh5 10. Be3 Nd4 11. Bxd4 exd4 12. Nd5 Nxd5 13. Bxd5 c6 14. Ba2 Bf6
15. Re1 Bxf3 16. Qxf3 Be5 17. Rac1 c5 18. Bd5 Rb8 19. b4 b6 20. bxc5 bxc5 21.
Rb1 Rb6 22. Qg4 Qb8 23. Rb3 a5 24. Reb1 Rxb3 25. Rxb3 Qc8 26. Qf3 Qd8 27. Rb7
Qf6 28. Qxf6 Bxf6 29. Ra7 g5 30. Rxa5 Kg7 31. Rb5 Kg6 32. a4 Bd8 33. a5 f5 34.
a6 1-0

[Event "Mechanics' Spring TNM; 30/90, SD/30"]
[Site "San Francisco"]
[Date "2014.04.15"]
[Round "5.30"]
[White "Gandhi, Sid"]
[Black "Frank, Robert"]
[Result "1/2-1/2"]
[WhiteElo "1203"]
[BlackElo "1438"]
[PlyCount "102"]
[EventDate "2014.??.??"]

1. e4 e5 2. Nf3 Nf6 3. Bc4 Nc6 4. Nc3 Na5 5. Nxe5 Nxc4 6. Nxc4 d5 7. exd5 Nxd5
8. Nxd5 Qxd5 9. Ne3 Qg5 10. d4 Bd6 11. Qe2 O-O 12. Bd2 Bf4 13. O-O-O Bd7 14. h4
Qg6 15. f3 Rfe8 16. Rde1 Bg3 17. Rd1 Qd6 18. Qd3 c5 19. Be1 Bf4 20. Bf2 cxd4
21. Kb1 Be5 22. Nc4 Qa6 23. Nxe5 Qxd3 24. Nxd3 Re2 25. Rhe1 Rxe1 26. Nxe1 a5
27. Bxd4 Bc6 28. Nd3 f6 29. Bb6 Kf7 30. b3 a4 31. bxa4 Rxa4 32. Nc5 $4 Rb4+ 33.
Kc1 Rxb6 34. Rd3 h6 35. Rb3 Rxb3 36. cxb3 b6 37. Nd3 g6 38. Kb2 Ke6 39. a4 g5
40. hxg5 fxg5 41. Ne1 Ke5 42. Kc3 Kf4 43. Kb4 Kg3 44. a5 bxa5+ 45. Kxa5 Kf2 46.
Kb6 Bd5 47. Nd3+ Kxg2 48. f4 Bxb3 49. fxg5 h5 50. Nf4+ Kg3 51. Nxh5+ Kg4
1/2-1/2

[Event "Mechanics' Spring TNM; 30/90, SD/30"]
[Site "San Francisco"]
[Date "2014.04.08"]
[Round "4.39"]
[White "Gandhi, Sid"]
[Black "Otterbach, Renate"]
[Result "1-0"]
[WhiteElo "1203"]
[BlackElo "1056"]
[Annotator "Donaldson"]
[PlyCount "77"]
[EventDate "2014.??.??"]

1. e4 e6 2. d4 d5 3. e5 c5 4. c3 cxd4 5. cxd4 Nc6 6. Nf3 Nge7 7. Bb5 Nf5 8. Nc3
Bd7 9. O-O a6 10. Ba4 b5 11. Bc2 Qb6 12. Bxf5 exf5 13. Nxd5 Qa7 14. Bf4 Be6 15.
Ne3 Be7 16. d5 Rd8 {Diagram #} 17. d6 {A question of taste:} (17. Qc1 $1 Nd4
18. Nxd4 Qxd4 19. dxe6 Qxf4 20. Qc6+ Kf8 21. Rfd1 $18 {is also strong.}) 17...
Rd7 18. Rc1 Qb7 19. Qc2 Nb4 20. Qc5 Nd3 21. Qc8+ Qxc8 22. Rxc8+ Bd8 23. Bg5 O-O
24. Bxd8 Rdxd8 25. Rxd8 Rxd8 26. b3 Kf8 (26... f6) 27. Nd4 $2 Bd7 (27... Nxe5)
28. f4 Rc8 29. Ndxf5 Rd8 30. Ne7 g6 31. N7d5 Nc5 32. Nf6 Be8 33. Nxh7+ Kg7 34.
Nf6 Kf8 35. Rf3 b4 36. Rh3 Rd7 37. Rh8+ Kg7 {Diagram #} 38. Rxe8 (38. Rg8+ Kh6
39. Neg4#) 38... Ne6 39. Nxd7 1-0

[Event "Mechanics' Spring TNM; 30/90, SD/30"]
[Site "San Francisco"]
[Date "2014.04.29"]
[Round "7.24"]
[White "Gandhi, Sid"]
[Black "Regzedmaa, Ganhuyag"]
[Result "0-1"]
[WhiteElo "1203"]
[BlackElo "1483"]
[PlyCount "76"]
[EventDate "2014.??.??"]

1. e4 e5 2. Nf3 d6 3. Nc3 Nf6 4. d4 exd4 5. Nxd4 h6 6. f3 a6 7. Be3 Bd7 8. Qd2
Nc6 9. O-O-O Nxd4 10. Qxd4 c5 11. Qd2 Be6 12. g4 Be7 13. Kb1 Qc7 14. Be2 O-O-O
15. Bf4 Qa5 16. Nd5 Qxd2 17. Nxe7+ Kd7 18. Rxd2 Kxe7 19. c4 g5 20. Bg3 h5 21.
Rhd1 Ne8 22. e5 hxg4 23. exd6+ Kd7 24. fxg4 Rh6 25. Ka1 Nf6 26. Re1 Ne4 27.
Rdd1 Nxg3 28. hxg3 Rh2 29. Bf3 b6 30. Bb7 a5 31. Ba6 Rg2 32. Rd3 Rh8 33. a3
Rhh2 34. Bb5+ Kd8 35. Rb3 Rd2 36. Bc6 Rxd6 37. Rxb6 Kc7 38. Ra6 Rxc6 0-1

[Event "Mechanics' Spring TNM; 30/90, SD/30"]
[Site "San Francisco"]
[Date "2014.03.18"]
[Round "1.19"]
[White "Gandhi, Sid"]
[Black "Sherwood, Peter"]
[Result "0-1"]
[WhiteElo "1203"]
[BlackElo "1808"]
[PlyCount "128"]
[EventDate "2014.??.??"]

1. e4 c5 2. Nf3 d6 3. Nc3 Nf6 4. d4 cxd4 5. Nxd4 a6 6. f3 e5 7. Nb3 Be7 8. Be3
O-O 9. Qd2 Be6 10. O-O-O Qc7 11. Kb1 Nbd7 12. g4 Nb6 13. g5 Nfd7 14. Nd5 Nxd5
15. exd5 Bf5 16. Bd3 Bxd3 17. Qxd3 Rac8 18. h4 Nb6 19. Nd2 f5 20. gxf6 Bxf6 21.
Ne4 Nd7 22. Rdg1 Rf7 23. Ng5 Bxg5 24. hxg5 g6 25. Rh6 Nf8 26. f4 Qc4 27. Qxc4
Rxc4 28. fxe5 dxe5 29. Rd1 Rd7 30. Rhh1 Rd6 31. b3 {draw offer} Rc3 32. Bd2 Rc8
33. Bb4 Rdd8 34. c4 Nd7 35. Rhe1 Re8 36. Rc1 b6 37. Bc3 b5 38. Re4 bxc4 39.
bxc4 Nc5 40. Re3 e4 41. Bb4 Nd3 42. Rxd3 exd3 43. c5 Red8 44. d6 $138 Rc6 45.
Ba5 Rd7 46. Bb4 Kf7 47. Rd1 Rb7 48. a3 a5 49. Rxd3 axb4 50. d7 bxa3+ 51. Ka2
Rxd7 52. Rxd7+ Ke6 53. Rxh7 Rxc5 54. Kxa3 Rxg5 55. Rh3 Rd5 56. Rf3 g5 57. Kb4
g4 58. Rg3 Kf5 59. Kc4 Rd8 60. Rg1 Kf4 61. Rf1+ Ke3 62. Rg1 Kf3 63. Rf1+ Kg2
64. Rc1 Rc8+ 0-1

[Event "Mechanics' Fall TNM; 30/90, SD/30"]
[Site "San Francisco"]
[Date "2014.12.02"]
[Round "6.8"]
[White "Gerwin, Gene"]
[Black "Askin, David"]
[Result "0-1"]
[WhiteElo "1906"]
[BlackElo "2007"]
[PlyCount "22"]
[EventDate "2014.??.??"]

1. e4 c6 2. d4 d5 3. f3 e5 4. dxe5 Bc5 5. g3 Qb6 6. Nh3 dxe4 7. f4 Nh6 8. Nc3
Bg4 9. Na4 Qa5+ 10. Qd2 Qxa4 11. Ng5 O-O 0-1

[Event "Mechanics' Fall TNM; 30/90, SD/30"]
[Site "San Francisco"]
[Date "2014.11.18"]
[Round "4.15"]
[White "Gerwin, Gene"]
[Black "Chalissery, Jossy"]
[Result "1/2-1/2"]
[WhiteElo "1906"]
[BlackElo "1719"]
[Annotator "Donaldson"]
[PlyCount "90"]
[EventDate "2014.??.??"]

1. e4 d5 2. exd5 Qxd5 3. Nc3 Qa5 4. g3 c6 5. Bg2 Nf6 6. Nf3 Bf5 7. O-O e6 8.
Nd4 Bg6 9. Nb3 Qc7 10. d4 Bd6 11. Bg5 Nbd7 12. a4 a5 13. Re1 O-O 14. Ne2 Be4
15. f3 Bf5 16. Bf4 Nd5 17. Bxd6 Qxd6 18. Qd2 Rfd8 19. Nxa5 Ra7 20. c4 $2 Qb4 $1
21. Red1 Qxd2 22. Rxd2 Ne3 (22... Nb4 $1) 23. b4 Nc2 24. Rxc2 (24. Rb1) 24...
Bxc2 25. f4 Rc8 26. Ra2 Bf5 27. Bf3 Nf6 28. Nc3 Bg4 29. Bg2 Bf5 30. h3 h6 31.
g4 Bh7 32. g5 hxg5 33. fxg5 Nh5 34. c5 Nf4 35. Nxc6 Rxc6 $2 (35... bxc6 {
is winning.}) 36. Bxc6 bxc6 37. Rb2 Bd3 38. b5 cxb5 39. axb5 Ra1+ 40. Kh2 Ra3
41. b6 Ba6 42. c6 Rxc3 {Black has no way to stop the pawns but finds an
interesting draw by perpetual check.} 43. b7 Rxh3+ 44. Kg1 Rg3+ 45. Kh1 Rh3+
1/2-1/2

[Event "Mechanics' SummerTNM; 30/90, SD/30"]
[Site "San Francisco"]
[Date "2014.06.03"]
[Round "2.3"]
[White "Gerwin, Gene"]
[Black "Fuentes, Romulo"]
[Result "0-1"]
[WhiteElo "1910"]
[BlackElo "2225"]
[PlyCount "98"]
[EventDate "2014.??.??"]

1. c4 c5 2. g3 Nc6 3. Bg2 g6 4. Nc3 Bg7 5. Nf3 e5 6. d3 Nge7 7. O-O d6 8. a3 h5
9. Rb1 b6 10. b4 Bb7 11. Ne4 Qd7 12. Bg5 Ng8 13. Nh4 f6 14. Nxg6 fxg5 15. Nxh8
Bxh8 16. Nxg5 Qe7 17. h4 O-O-O 18. b5 Na5 19. Bxb7+ Nxb7 20. e3 Nf6 21. Qf3 Kb8
22. a4 Bg7 23. Ne4 Nxe4 24. Qxe4 Bf6 25. Qg6 Rh8 26. Rbe1 Rh7 27. e4 $2 {
Diagram #} Bxh4 $1 $11 28. Re3 Bg5 29. Rf3 Nd8 30. Kg2 Ne6 31. Rf5 h4 32. Rh1
Rg7 33. Qh5 Kb7 34. Qh8 Bf6 35. Qh6 Nf4+ 36. Rxf4 exf4 37. Qxf4 hxg3 38. f3 Be5
39. Qf5 Qg5 40. Qxg5 Rxg5 41. f4 Bxf4 42. Rh7+ Kb8 43. Rh8+ Kc7 44. Rh7+ Kd8
45. Rxa7 Rh5 46. Rg7 Be5 47. Rg6 Rh2+ 48. Kf1 Ra2 49. Rg8+ Ke7 0-1